Normal view
MARC view
Entry Topical Term
001 - CONTROL NUMBER
- control field: 13388
003 - CONTROL NUMBER IDENTIFIER
- control field: BD-RjUL
005 - DATE AND TIME OF LATEST TRANSACTION
- control field: 20240630101323.0
008 - FIXED-LENGTH DATA ELEMENTS
- fixed length control field: 240630|| aca||aabn | a|a d
040 ## - CATALOGING SOURCE
- Original cataloging agency: BD-RjUL
- Transcribing agency: BD-RjUL
150 ## - HEADING--TOPICAL TERM
- Topical term or geographic name entry element: Vermicompost
- Form subdivision: Fertilizers
- General subdivision: Vegetable Crops
670 ## - SOURCE DATA FOUND
- Source citation: Work cat.: (BD-RjUL)83935: Alam, Md. Nurul, Effect of Vermicompost and some Chemical Fertilizers on Yield and Yield Components of Selective Vegetable Crops /, 2006